A Szeged Városi Énekkar Egyesület bemutatkozó hangversenye
Elmentve itt :
| Dokumentumtípus: | Cikk |
|---|---|
| Megjelent: |
1936-05-06
|
| Sorozat: | Délmagyarország
12 No. 112 |
| Kulcsszavak: | Fricsay Ferenc, Király-König Péter, Szenttamásy Alma, Kertész Lajos, Lapu Lajos, Batki István, Solymos Péter, Zenei élet hangverseny Szeged 1936, Kórusmozgalom Szeged, zeneélet |
| Online Access: | http://dmarchiv.bibl.u-szeged.hu/61866 |
| LEADER | 00604nab a2200145 i 4500 | ||
|---|---|---|---|
| 001 | delm61866 | ||
| 005 | 20180927144548.0 | ||
| 008 | 180927s1936 hu o 0|| hun d | ||
| 040 | |a SZTE Délmagyarország Archívum |b hun | ||
| 041 | |a hun | ||
| 245 | 0 | 2 | |a A Szeged Városi Énekkar Egyesület bemutatkozó hangversenye |h [elektronikus dokumentum] |
| 260 | |c 1936-05-06 | ||
| 300 | |a 8 | ||
| 490 | 0 | |a Délmagyarország |v 12 No. 112 | |
| 695 | |a Fricsay Ferenc, Király-König Péter, Szenttamásy Alma, Kertész Lajos, Lapu Lajos, Batki István, Solymos Péter, Zenei élet hangverseny Szeged 1936, Kórusmozgalom Szeged, zeneélet | ||